Pittsburgh Steelers 2023/2024 Roster - Statistics

General Stats
  • This quiz has been taken 149 times
  • The average score is 29 of 53
Answer Stats
Hint Answer % Correct
WR George Pickens
98%
QB Kenny Pickett
98%
QB Mason Rudolph
98%
RB Najee Harris
96%
RB Jaylen Warren
95%
WR Diontae Johnson
93%
QB Mitch Trubisky
92%
LOLB T.J. Watt
91%
FB/TE Connor Heyward
88%
DT Cameron Heyward
87%
FS Minkah Fitzpatrick
81%
CB Joey Porter Jr.
80%
WR Calvin Austin
79%
K Chris Boswell
78%
TE Pat Freiermuth
77%
ROLB Alex Highsmith
75%
TE Darnell Washington
75%
WR Allen Robinson
73%
LT Broderick Jones
70%
RILB Mark Robinson
70%
P Pressley Harvin III
65%
CB Patrick Peterson
61%
C Mason Cole
59%
SS Damontae Kazee
54%
ROLB Nick Herbig
54%
RG Nate Herbig
53%
LILB Cole Holcomb
52%
RG James Daniels
49%
LS Christian Kuntz
48%
WR Miles Boykin
47%
NT Keeanu Benton
46%
DE Larry Ogunjobi
46%
LT Dan Moore Jr.
45%
CB Levi Wallace
45%
RB Anthony McFarland
43%
RILB Elandon Roberts
40%
LG Isaac Seumalo
39%
RT Chukwuma Okorafor
38%
LILB Kwon Alexander
37%
NT Montravius Adams
34%
SS Keanu Neal
31%
LOLB Markus Golden
30%
SS Miles Killebrew
28%
DT Isaiahh Loudermilk
26%
WR Gunner Olszewski
24%
DE DeMarvin Leal
23%
LG Spencer Anderson
23%
CB James Pierre
19%
DT Armon Watts
18%
NB Chandon Sullivan
17%
NB Elijah Riley
14%
RT Dylan Cook
12%
P Braden Mann
10%
No matching quizzes found
Score Distribution
Percent of People with Each Score
Percentile by Number Answered
Your Score History
You have not taken this quiz